• 首页
  • 本馆介绍
  • 公告通知
  • 最新文献
  • 馆藏检索
  • 电子资源
  • 读者导购
  • 参考咨询
  • 我的图书馆
  • 登录
  • 详细信息显示
  • 放入我的书架
  • 预约/预借图书
  • 作者相关作品
  • 分类相关作品
  • 丛书相关作品
  • 出版社相关作品

书目信息

  • 表格格式
  • 工作单格式
  • 卡片格式
题名:
数控机床装调维修技术
    
 
作者: 周成东 , 朱玉娥 主编
分册:  
出版信息: 北京   北京理工大学出版社  2016.01
页数: 271页
开本: 26cm
丛书名:
单 册:
中图分类: TG659
科图分类:
主题词: 数控机床--安装 , 数控机床--调试方法 , 数控机床--维修
电子资源:
ISBN: 978-7-5682-1409-4
000 00933nam0 2200253 450
001 1096
005 20161008081226.23
010    @a978-7-5682-1409-4@b平装@dCNY48.00
100    @a20160229d2016 em y0chiy50 ea
101 0  @achi
102    @aCN@b110000
105    @aa z 000yy
200 1  @a数控机床装调维修技术@9shu kong ji chuang zhuang tiao wei xiu ji shu@f周成东,朱玉娥主编
210    @a北京@c北京理工大学出版社@d2016.01
215    @a271页@c图@d26cm
330    @a本书共10个项目,涵盖数控系统硬件连接、参数设置、PMC编程、数控机床基本操作及编程、机械结构维护以及常见故障的排除等内容。按照项目导入、任务驱动的思路组织全书,并对每个项目给出具体的训练任务。
606 0  @a数控机床@x安装
606 0  @a数控机床@x调试方法
606 0  @a数控机床@x维修
690    @aTG659@v5
701  0 @a周成东@9zhou cheng dong@4主编
701  0 @a朱玉娥@9zhu yu e@4主编
801  0 @aCN@b唐山师范学院图书馆@c20160830
905    @aZUCC@dTG659@e25
    
    数控机床装调维修技术/周成东,朱玉娥主编.-北京:北京理工大学出版社,2016.01
    271页:图;26cm
    
    
    ISBN 978-7-5682-1409-4(平装):CNY48.00
    本书共10个项目,涵盖数控系统硬件连接、参数设置、PMC编程、数控机床基本操作及编程、机械结构维护以及常见故障的排除等内容。按照项目导入、任务驱动的思路组织全书,并对每个项目给出具体的训练任务。
●
相关链接 在E读中查询图书 在五车中查询图书 在当当中查询图书 在豆瓣中查询图书


正题名:数控机床装调维修技术     索取号:TG659/25         预约/预借

序号 登录号 条形码 馆藏地/架位号 状态 备注
1 906836   209068364   第二样本阅览室/ [索取号:TG659/25] 在馆    
2 906837   209068373   第三借阅区/ [索取号:TG659/25] 在馆    
3 906838   209068382   第三借阅区/ [索取号:TG659/25] 在馆    
4 906839   209068391   第三借阅区/ [索取号:TG659/25] 在馆    
5 907032   209070324   第三借阅区/ [索取号:TG659/25] 在馆    
唐山师范学院图书馆 欢迎您!
大连网信软件有限公司© 版权所有